Prontuario de la Chinchilla / (Record no. 76453)

MARC details
000 -LEADER
campo de control de longitud fija 00606nam a2200181 i 4500
001 - NÚMERO DE CONTROL
campo de control 76453
003 - IDENTIFICADOR DE NÚMERO DE CONTROL
campo de control ES-MaACL
005 - FECHA Y HORA DE LA ÚLTIMA TRANSACCIÓN
campo de control 20230906172839.0
007 - CAMPO FIJO DE DESCRIPCIÓN FÍSICA--INFORMACIÓN GENERAL
campo de control de longitud fija t|
008 - DATOS DE LONGITUD FIJA--INFORMACIÓN GENERAL
campo de control de longitud fija 041001s1962 sp ||||1| spa d
100 1# - ENTRADA PRINCIPAL--NOMBRE DE PERSONA
Nombre de persona Guilera, Juan.
9 (RLIN) 60698
245 10 - MENCIÓN DEL TÍTULO
Título Prontuario de la Chinchilla /
Mención de responsabilidad, etc. Juan Guilera ; con la colaboración de José de la Rubia ; prólogo de Ronald Arthur Francis Budd.
260 ## - PUBLICACIÓN, DISTRIBUCIÓN, ETC.
Lugar de publicación, distribución, etc. [Barcelona] :
Nombre del editor, distribuidor, etc. Zeus,
Fecha de publicación, distribución, etc. 1962.
300 ## - DESCRIPCIÓN FÍSICA
Extensión 280 p., 10 lám. ;
Dimensiones 16 cm.
700 1# - ENTRADA AGREGADA--NOMBRE PERSONAL
Nombre de persona Rubia, José de la.
9 (RLIN) 100305
700 1# - ENTRADA AGREGADA--NOMBRE PERSONAL
Nombre de persona Budd, Ronald Arthur Francis.
9 (RLIN) 32331
852 ## - LOCALIZACIÓN
Ubicación ES-MaACL
Número de control de estantería C-23287
Sublocalización o colección R.51847
Holdings
Estatus retirado Estado de pérdida Estado de daño No para préstamo Biblioteca de origen Biblioteca actual Ubicación en estantería Fecha de adquisición Fuente de adquisición Total de préstamos Signatura topográfica completa Código de barras Visto por última vez Precio de reemplazo Tipo de ítem Koha
        Biblioteca del Ateneo de Madrid Biblioteca del Ateneo de Madrid Depósito 2 17/01/2008     C-23287 1080006 23/02/2023 23/02/2023 Libro impreso